书目信息 |
| 题名: |
关于第六个五年计划的报告
|
|
| 作者: | 赵紫阳 报告 | |
| 分册: | ||
| 出版信息: | 北京 人民出版社 1982 |
|
| 页数: | 110页 | |
| 开本: | 19cm | |
| 丛书名: | ||
| 单 册: | ||
| 中图分类: | D623 | |
| 科图分类: | ||
| 主题词: | ||
| 电子资源: | ||
| ISBN: | ||
| 000 | 00712nam0 2200229 45 | |
| 001 | 0182008781 | |
| 005 | 20060801153003.46 | |
| 010 | @dCNY0.21 | |
| 091 | @aCN@b3001.1573 | |
| 100 | @a19950703d1982 em y0chiy0121 ea | |
| 101 | 0 | @achi |
| 102 | @aCN@b110000 | |
| 105 | @ay z 100yy | |
| 200 | 10 | @a关于第六个五年计划的报告@Aguan yu di liu ge wu nian ji hua de bao gao@e一九八二年十一月三十日在第五届全国人民代表大会第五次会议上@f赵紫阳报告 |
| 210 | @a北京@c人民出版社@d1982 | |
| 215 | @a110页@d19cm | |
| 601 | 12 | @a全国人民代表大会,第五届@x政府工作报告@y中国@z1982 |
| 690 | @aD623@v3 | |
| 701 | 0 | @a赵紫阳@Azhao zi yang@4报告 |
| 801 | 2 | @aCN@bNLC@c20060801 |
| 801 | 0 | @aCN@bTSSF |
| 905 | @a10447@dD623@e23 | |
| 关于第六个五年计划的报告:一九八二年十一月三十日在第五届全国人民代表大会第五次会议上/赵紫阳报告.-北京:人民出版社,1982 |
| 110页;19cm |
| ISBN :CNY0.21 |
| ● |
| 相关链接 |
|
|
|
|
正题名:关于第六个五年计划的报告
索取号:D623/23
 
预约/预借
| 序号 | 登录号 | 条形码 | 馆藏地/架位号 | 状态 | 备注 |
| 1 | 0440996 | 204409960 | 密集书库/ [索取号:D623/23] | 在馆 | |
| 2 | 0440997 | 204409979 | 密集书库/ [索取号:D623/23] | 在馆 |